Драгоценное сказание (Эрдэнийн тобчи) (Запись № 13697032)

Подробности
000 -МАРКЕР
контрольное поле 02657nam0a2200481 4500
001 - ИДЕНТИФИКАТОР ЗАПИСИ
контрольное поле RU\NLR\BIBL_A\022743810
005 - ИДЕНТИФИКАТОР ВЕРСИИ
контрольное поле 20260426080725.0
010 ## - МЕЖДУНАРОДНЫЙ СТАНДАРТНЫЙ НОМЕР КНИГИ (ISBN)
Номер (ISBN) 978-5-6053221-8-4
Тираж 300
021 ## - НОМЕР ГОСУДАРСТВЕННОЙ РЕГИСТРАЦИИ
Код страны Российская Федерация
Номер КН-П-26-001606
Номер Листа государственной регистраци КН-П-26-0146
035 ## - ДРУГИЕ СИСТЕМНЫЕ НОМЕРА
Идентификатор записи (NLR Aleph) 022743810
100 ## - ДАННЫЕ ОБЩЕЙ ОБРАБОТКИ
Данные общей обработки 20260304d2025 k y0rusy50 ca
101 1# - ЯЗЫК РЕСУРСА
Язык текста, звукозаписи и т.д. русский
-- монгольский
Язык оригинала монгольский
Язык резюме английский
102 ## - СТРАНА ПУБЛИКАЦИИ ИЛИ ПРОИЗВОДСТВА
Страна публикации Российская Федерация
105 ## - ПОЛЕ КОДИРОВАННЫХ ДАННЫХ: ТЕКСТОВЫЕ МАТЕРИАЛЫ, МОНОГРАФИЧЕСКИЕ
Кодированные данные о монографическом текстовом документе h z 001yy
181 #0 - ПОЛЕ КОДИРОВАННЫХ ДАННЫХ: ВИД СОДЕРЖАНИЯ
Код вида содержания (ISBD) i3
Код характеристики содержания (ISBD) axxe
181 #0 - ПОЛЕ КОДИРОВАННЫХ ДАННЫХ: ВИД СОДЕРЖАНИЯ
Код вида содержания (ISBD) b1
Код характеристики содержания (ISBD) xb2e
182 #0 - ПОЛЕ КОДИРОВАННЫХ ДАННЫХ: ТИП СРЕДСТВА
Код типа средства (ISBD) n - непосредственное
200 1# - ЗАГЛАВИЕ И СВЕДЕНИЯ ОБ ОТВЕТСТВЕННОСТИ
Основное заглавие Драгоценное сказание (Эрдэнийн тобчи)
Сведения, относящиеся к заглавию [летопись XVII в.]
-- факсимиле рукописи [и научная обработка]
Первые сведения об ответственности Саган-Сэчэн
Последующие сведения об ответственности перевод с монгольского, введение, примечания и указатели А. Д. Цендиной
203 ## - ВИД СОДЕРЖАНИЯ И ТИП СРЕДСТВА
Вид содержания Текст
-- Изображение
Дополнительные сведения об издании визуальные
Тип средства непосредственные
210 ## - ПУБЛИКАЦИЯ, РАСПРОСТРАНЕНИЕ И ДР.
Место издания, распространения и т.д. Москва
Имя издателя, распространителя и т. д. Фонд содействия буддийскому образованию и исследованиям
Дата издания, распространения и т.д. 2025
215 ## - ФИЗИЧЕСКАЯ ХАРАКТЕРИСТИКА
Специфическое обозначение материала и объем 300, [1] с.
Другие сведения о физической характеристике факс.
Размеры 24
225 1# - СЕРИЯ
Основное заглавие серии Памятники письменности Востока
Сведения об ответственности редкол.: А. Б. Куделин (пред.) [и др.]
Обозначение тома 167
300 ## - ОБЩИЕ ПРИМЕЧАНИЯ
Текст примечания Рез. англ.
320 ## - ПРИМЕЧАНИЯ О НАЛИЧИИ В ДОКУМЕНТЕ БИБЛИОГРАФИИ / УКАЗАТЕЛЯ
Текст примечания Библиогр.: с. 156–164 и в подстроч. примеч.
320 ## - ПРИМЕЧАНИЯ О НАЛИЧИИ В ДОКУМЕНТЕ БИБЛИОГРАФИИ / УКАЗАТЕЛЯ
Текст примечания Указ. имен.: с. 165–180
320 ## - ПРИМЕЧАНИЯ О НАЛИЧИИ В ДОКУМЕНТЕ БИБЛИОГРАФИИ / УКАЗАТЕЛЯ
Текст примечания Указ. географ. назв.: с. 181–184
500 10 - УНИФИЦИРОВАННОЕ ЗАГЛАВИЕ
Графика поля Кириллица
Унифицированное заглавие Эрдэнийн тобчи
Прочие сведения 1662
Системный номер авторитетной/нормативной записи 2704311
Идентификатор авторитетной / нормативной записи RU\NLR\AUTH\55010014
517 1# - ДРУГИЕ ВАРИАНТЫ ЗАГЛАВИЯ
Вариант заглавия Эрдэнийн тобчи
604 ## - ИМЯ И ЗАГЛАВИЕ КАК ПРЕДМЕТ
Связываемые данные 700#0$aСаган-Сэцэн$f1604
-- 500##$a"Эрдэнийн Тобчи"$2nlr_sh2$3RU\NLR\AUTH\6601769563
Идентификатор авторитетной/нормативной записи RU\NLR\AUTH\6601769563
Имя лица Саган-Сэцэн (1604)
Заглавие "Эрдэнийн Тобчи"
Системный номер авторитетной/нормативной записи 2706175
606 1# - НАИМЕНОВАНИЕ ТЕМЫ КАК ПРЕДМЕТ
Наименование темы Монголы
Формальный подзаголовок Источники и источниковедение
Тематический подзаголовок История
Системный номер авторитетной/нормативной записи 1435623
Идентификатор авторитетной/нормативной записи RU\NLR\AUTH\66607044
606 1# - НАИМЕНОВАНИЕ ТЕМЫ КАК ПРЕДМЕТ
Наименование темы Тибетский буддизм
Формальный подзаголовок Источники и источниковедение
Географический подзаголовок Монголия
Системный номер авторитетной/нормативной записи 2424130
Идентификатор авторитетной/нормативной записи RU\NLR\AUTH\6601661902
686 1# - ИНДЕКСЫ ДРУГИХ КЛАССИФИКАЦИЙ
Индекс Т3(5Мо)4,012
686 1# - ИНДЕКСЫ ДРУГИХ КЛАССИФИКАЦИЙ
Индекс Ш5(5Мо)4-4Саган-Сэцэн
686 2# - ИНДЕКСЫ ДРУГИХ КЛАССИФИКАЦИЙ
Индекс Э355-39(5Мо)4,1
700 #0 - ИМЯ ЛИЦА - ПЕРВИЧНАЯ ОТВЕТСТВЕННОСТЬ
Графика поля Кириллица
Материалы, к которым относится поле rus
Начальный элемент ввода Саган-Сэцэн
Дополнения к именам, кроме дат князь
Даты 1604-
Системный номер авторитетной/нормативной записи 2703933
Идентификатор авторитетной/нормативной записи RU\NLR\AUTH\770291996
702 #1 - ИМЯ ЛИЦА - ВТОРИЧНАЯ ОТВЕТСТВЕННОСТЬ
Код отношения Автор введения, предисловия, примечания и т.п.
-- Переводчик
Начальный элемент ввода Цендина
Часть имени, кроме начального элемента ввода А. Д.
Даты 1954-
Расширение инициалов личного имени Анна Дамдиновна
Системный номер авторитетной/нормативной записи 135592
Идентификатор авторитетной/нормативной записи RU\NLR\AUTH\770135627
942 ## - ДОПОЛНИТЕЛЬНЫЕ ЭЛЕМЕНТЫ ЗАПИСИ (АБИС)
Тип экземпляра АБИС Книга
980 ## - КОЛЛЕКЦИЯ
Название коллекции Национальная библиография

Нет доступных экземпляров.